| 000 | 01075nam a2200277 c 4500 | ||
|---|---|---|---|
| 999 |
_c341770 _d341770 |
||
| 003 | BLK | ||
| 005 | 20200424155655.0 | ||
| 008 | 180911b bul|||||r ||||||| ||bul|| | ||
| 010 | _a001400 | ||
| 040 | _aBLK | ||
| 041 |
_aBUL _cBUL |
||
| 080 |
_aКрайничанец, Иван _x92 _z949.72(092)92 |
||
| 100 | 1 |
_aКРАЙНИЧАНЕЦ, Иван _eпърви автор _9396787 |
|
| 245 | 0 | 0 |
_aСпомени от изминалия път в живота ми _nКн. 1 |
| 246 | _aКн. 1- | ||
| 260 |
_aСкопие _bпеч. Крайничанец _c1942 - _g1942 |
||
| 300 |
_a89 с _c21 см |
||
| 380 | _a9 | ||
| 490 |
_aЧастна колекция - Академик Михаил Арнаудов _gДарение - Основен фонд |
||
| 500 | _aАвтограф с текст: В дар на г-н проф. М. Арнаудов в София от автора Ив Крайничанец | ||
| 650 |
_aБиографии _9148657 |
||
| 655 |
_aбългарска история _9396199 |
||
| 700 | 1 |
_aИван П. Крайничанец _9399029 |
|
| 852 |
_aМА 2600 _bМА |
||
| 942 |
_cKNG _n0 _s1 |
||
| 944 |
_aCR _c1997 _kGGG |
||
| 999 | _d341770 | ||
| 999 | _d341770 | ||